| 000 | 00396nam a2200133Ia 4500 | ||
|---|---|---|---|
| 008 | 151021s9999 xx 000 0 und d | ||
| 020 | _a582895243 | ||
| 050 | _aPR 381.9 .M19P74 1988 | ||
| 245 | _a_An Anthology of East African Short Stories | ||
| 260 | _aEngland : Longman Group, 1988 | ||
| 300 | _avii,214 p. | ||
| 650 | _a_Anthology of East African | ||
| 980 | _a^d20110420 03:46:42^okilerai | ||
| 999 |
_c7101 _d7101 |
||